000 00753nas a2200241 4500
001 BR2014000441
003 BR-BrBNA
005 20231205123615.0
007 ta
008 230509b bl.|||p| |||| 00| 00por d
040 _aBR-BrBNA
_bpor
_cBiblioteca Nacional de Agricultura
041 _a(Pt)
072 _aF70
100 1 _aSilva, M.J. da
100 1 _aTozzi, A.M.G. de A.
245 1 _aRevisão taxonômica de Lonchocarpus s. str. (Leguminosae, Papilionoideae)do Brasil
650 _aLEGUMINOSA
650 _aTAXONOMIA VEGETAL
650 _aNOMENCLATURA
773 0 _tActa Botanica Brasilica (Brazil)
_xISSN 0102-3306
_g(Apr-Jun 2012), v. 26(2) p. 357-377
_wBR2014000441
909 _a202311
_bLúcia
_c55
_dLúcia Elande
942 _2AGRIS
_n0
_cANA
999 _c234756
_d234756